000 00630nam a2200265Ia 4500
005 20260121173308.0
008 008 260114s9999 xx 000 0 eng d
020 _a9783031079849
037 _aEBOOK
040 _aCRL
040 _beng
040 _cCRL
041 _2eng
041 _aeng
084 _qCRL
100 _aMehdi Rahmani-Andebili
_91099078
245 0 _aDifferential Equations
260 _bSpringer
260 _bSpringer
260 _c2022
856 _uhttps://link.springer.com/openurl?genre=book&isbn=978-3-031-07984-9
942 _cEBOOK
999 _c1664822
_d1664822